1515 1418 1895 1726 1929 1597 1142 1570 1785 1824 1050 1326 1214 1017 1805 1098 1771 1270 1895 1007 1032 1410 1272 1271 1089 1126 1225 1552 1073 1438 1402 1197 1052 1838 1464 1771 1451 1672 1160 1781 1036 1390 1360 1702 1513 1312 1677 1088 1978 1677 1771 1939 1628 1946 1553 1038 1633 1853 1372 1426 1695 1800 1248 1100 1814 1668 1224 1807 1217 1640 1477 1360 1107 1103 1767 1363 1268 1832 1050 1742 1710 1448 1015 1786 1006 1002 1103 1594 1575 1690 1228 1803 1216 1012 1567 1130 1163 1210 1834 BCNSPRNW ULIB Ver.6.0+V

เปลี่ยนเป็นภาษาไทย

Change to English
 แสดงรายละเอียดบรรณานุกรม
  กลับหน้าหลัก

Brief Record : Get Marc (ISO 2709) : E-mail record : QR code < ปิดหน้าต่าง
LEADER : 00000nam 2200000uu 4500
001    13399108267
003     ULIB
008    110225s2551||||th 000 0 tha d
020    9789741110490
060 04 WW260^bส218ต 2551
100 0  สบง ศรีวรรณบูรณ์
245 10 ต้อกระจกภายหลังการผ่าตัดแก้ไขสายตาผิดปกติ /^cสบงศรีวรรณบูรณ์
250    พิมพ์ครั้งที่ 1
260    กรุงเทพฯ :^bงานตำราวารสารและสิ่งพิมพ์สถานเทคโนโลยีการศึกษาแพทยศาสตร์ คณะแพทยศาสตร์ศิริราชพยาบาลมหาวิทยาลัยมหิดล,^c2551
300    xviii, 158 หน้า :^bภาพประกอบ (ภาพสีบางภาพ) ;^c27 ซม.
650  7 ต้อกระจก^xการรักษา
650  7 ต้อกระจก, ศัลยกรรม
650  7 ตา, โรค^xการรักษา
650  7 แก้วตาเทียม
653    ผลงานอาจารย์คณะแพทยศาสตร์ศิริราชพยาบาล
710 2  มหาวิทยาลัยมหิดล. ^bคณะแพทยศาสตร์ศิริราชพยาบาล.^bสถานเทคโนโลยีการศึกษาแพทยศาสตร์
945    ^p350^l0^i026245
945    ^p350^l0^i026246
945    ^p350^l0^i026244
995    ทศพร
999 ^a ใช้งานได้ทุกระบบ
รายการนี้ยังไม่มีแท็ก
คุณยังไม่ได้ล็อกอิน คุณสามารถมีกิจกรรมร่วมกับเว็บไซต์ได้ แต่ต้องล็อกอินก่อน ::
  ล็อกอิน

รายการสื่อสารสนเทศ

ลำดับที่ ประเภท เลขเรียก/บาร์โค้ด สถานที่ สถานะ
1. วิทยาศาสตร์การแพทย์ และสุขภาพ
วิทยาศาสตร์การแพทย์ และสุขภาพ
WW260 ส218ต 2551 ฉ.3 
  Barcode: 026246
ห้องสมุดวิทยาเขตสวรรค์ประชารักษ์
►ส่วนจัดเก็บหนังสือเก่า สปร
บนชั้น
  ขอยืม

รายการใกล้เคียง
    ผู้แต่ง [สบง ศรีวรรณบูรณ์]

    หัวเรื่อง [ต้อกระจก, ศัลยกรรม]
    หัวเรื่อง [แก้วตาเทียม]

BibComment


ยังไม่เคยถูกคอมเมนท์

คอมเมนท์ทรัพยากรรายการนี้
  คอมเมนท์: ต้อกระจกภายหลังกา..


 Copyright 2026. Bcnsprnw @Library